| 000 | 00443nam a2200133 a 4500 | ||
|---|---|---|---|
| 008 | 120416s1977 xx |||||||||||||| || u | ||
| 050 | _aTA 683 Bra | ||
| 100 | _aBranson, Dan E | ||
| 245 | 1 | 0 | _aDeformation of concrete structures |
| 260 | _c1977 | ||
| 300 | _a: ill. | ||
| 350 | _a0.00 | ||
| 995 |
_D0.00 _FCBU-MAIN LIBRARY (Kitwe) _H1 _I33.45 _M1 _UAVAILABLE _ZAnnex Low-Usage Collection |
||
| 999 |
_c39554 _d39554 |
||